000 00705nam a22001697a 4500
005 20251108164220.0
008 250721s1995 xx 000 0 ara d
082 1 4 _a327.17/جير
245 1 0 _aجيران في عالم واحد :
_bنصر تقرير لجنة إدار شؤون المجتمع العالمي /
264 1 _aالكويت :
_bالمجلس الوطني للثقافة و الفنون و الآداب،
_c1995.
300 _a446ص
490 0 _aعالم المعرفة : سلسلة كتب ثقافية شهرية يصدرها المجلس الوطني ... ؛ 201
650 1 7 _aالتعاون الدولي
650 1 7 _aالعلاقات الدولية
942 _2ddc
_cBK
999 _c6568
_d6568